000 00384nam a2200145Ia 4500
008 230917s9999||||xx |||||||||||||| ||und||
040 _e188839
_aMAIN
041 _aEnglish
082 _a359.00954 G959M
100 _aGupta, Manoj
245 0 _aMaritime affairs: Integrated management for India
260 _aNew Delhi
_bManas Publications
_c2005
300 _a246 p.
942 _cBK
999 _c162359
_d162359